000
00262nam a2200109Ia 4500
008
200302s9999 xx 000 0 und d
100
_a
Naomi Stungo
245
_a
The new Wood Architecture
260
_b
Laurnce King Publishing
260
_c
1998
300
_a
240 P.,
999
_c
2099
_d
2099